[Event "Munich SKA"]
[Site "Munich"]
[Date "1993.??.??"]
[Round "3"]
[White "Gelfand, Boris"]
[Black "Hjartarson, Johann"]
[Result "1/2-1/2"]
[WhiteElo "2690"]
[BlackElo "2625"]
[Annotator "Dautov,R"]
[PlyCount "122"]
[EventDate "1993.05.??"]
[EventType "tourn"]
[EventRounds "11"]
[EventCountry "GER"]
[EventCategory "16"]
[SourceTitle "CBM 036"]
[Source "ChessBase"]
[SourceDate "1993.10.01"]
[SourceVersion "1"]
[SourceVersionDate "1993.10.01"]
[SourceQuality "1"]

1. d4 Nf6 2. c4 e6 3. Nf3 b6 4. g3 Bb7 5. Bg2 Be7 6. Nc3 Ne4 7. Bd2 f5 8. d5
Bf6 9. Qc2 Nd6 10. Bf4 Qe7 11. Bxd6 Qxd6 (11... cxd6 12. O-O O-O 13. Rfd1 g6
14. Nd4 e5 15. Ndb5 Rc8 16. e4 f4 17. Qb3 Na6 18. Qa3 $14 {Ivanchuk-Salov/
Linares/1993}) 12. O-O Na6 13. e4 $1 {N} (13. Rad1 O-O-O 14. Nb5 (14. dxe6 Qxe6
15. Nd5 $14) 14... Qc5 15. dxe6 dxe6 16. Nxa7+ Kb8 17. Nb5 c6 18. Nc3 Qxc4 19.
Nd2 Qb4 20. a3 Qc5 21. Nb3 Qc4 {Remis/Yusupov-Hjartarson/Reykjavik/1988}) 13...
Bxc3 14. Qxc3 fxe4 15. Ng5 (15. Qxg7 O-O-O 16. Nd2 (16. Ng5 $2 exd5 17. cxd5
Rhg8 $19) 16... exd5 17. cxd5 Qxd5 18. Nxe4 Nc5 19. Rfd1 Qg8 20. Qd4 Nxe4 21.
Bxe4 Bxe4 22. Qxe4 Kb8 $10) 15... exd5 16. cxd5 O-O $8 (16... O-O-O $2 17. Nf7
Qxd5 18. Nxh8 Rxh8 19. Qxg7 $16) 17. Nxe4 Qb4 18. Rfd1 $14 (18. Rad1 $5 $14)
18... Rae8 19. Rd4 $1 (19. Qc2 Nc5 20. Nxc5 Qxc5 21. Qxc5 bxc5 22. Rd2 d6 $10)
19... Qxc3 20. Nxc3 c5 21. dxc6 (21. Ra4 $5 Ra8 (21... Rf6 22. f4 d6 23. Bh3
Kf8 24. Be6 $16) 22. Nb5 Nb4 23. Rd1 (23. Nc7 $2 Rac8 24. Rxa7 Rxc7 25. d6 Bxg2
26. dxc7 Bc6 $17) 23... a5 24. a3 Na6 25. Nd6 Rab8 26. Re4 Rf6 27. Nxb7 Rxb7
28. Re7 $16) 21... dxc6 22. Rd6 Nb8 (22... Rf6 $2 23. Rxf6 gxf6 24. Rd1 Kf7 $6
25. Ne4 $16) 23. Rad1 Re7 24. f4 (24. b4 $1 Na6 (24... c5 25. Bxb7 Rxb7 26.
bxc5 bxc5 27. R1d2 $14) 25. a3 c5 26. Bxb7 Rxb7 27. b5 Nb8 28. f4 $14 {פb8})
24... c5 25. Bxb7 Rxb7 26. Kf2 $6 (26. h4 $5 Re7 27. Kf2 Rfe8 28. Kf3 Re3+ 29.
Kg4 $14) 26... g5 27. Nd5 Rbf7 28. Kg2 (28. Kf3 $142 $1) 28... gxf4 29. Nxf4
Na6 30. R1d5 Nc7 $10 31. Rg5+ Kh8 32. Rh6 $6 Rd8 33. Ng6+ Kg8 (33... Kg7 $4 34.
Ne5+ $18) 34. Ne7+ (34. Ne5+ Rg7 35. Rxg7+ Kxg7 36. Rc6 Rd2+ 37. Kh3 Nd5 $15)
34... Kf8 35. Nf5 Rd2+ 36. Kh3 Rxb2 37. Rgh5 Rxa2 (37... Kg8 $2 38. Rd6 Kf8 39.
Rd8+ Ne8 40. Nd6 $18) 38. Rxh7 Rxh7 39. Rxh7 Ne6 40. Kg4 c4 41. Rh8+ Kf7 42.
Nd6+ Ke7 (42... Kg7 43. Re8 Nc5 (43... Kf6 44. Ne4+ Kf7 45. Nd6+ $10) 44. Kg5
$10 {/\Re7-e8}) 43. Ne4 Nc5 $2 (43... b5 $5 44. Rh7+ Kd8 45. Nc3 Rb2 46. Rxa7
b4 47. Nd5 b3 $15) (43... a5 $5) 44. Nxc5 bxc5 45. Kf3 $1 (45. Rc8 $2 Kd6 46.
h4 c3 47. Rd8+ Ke5 48. Rd1 Rh2 $1 49. h5 Ke4 50. Kg5 c2 51. Rc1 Kd3 $19) 45...
c3 46. Ke3 Rd2 47. Rh7+ Kd6 48. Rxa7 $10 c4 49. Ra8 Kc5 50. Rc8+ Kb4 51. Rb8+
Ka3 52. Ra8+ Kb2 53. Rb8+ Kc1 54. Rc8 Rxh2 55. Rxc4 c2 56. g4 Kb2 57. Kf4 Kb3
58. Rc7 Rh1 59. Kf5 c1=Q 60. Rxc1 Rxc1 61. g5 Kc4 1/2-1/2

[Event "Graz zt"]
[Site "Graz"]
[Date "1993.??.??"]
[Round "8"]
[White "Zueger, Beat"]
[Black "Schroll, Gerhard"]
[Result "1/2-1/2"]
[WhiteElo "2415"]
[BlackElo "2420"]
[Annotator "Dautov,R"]
[PlyCount "43"]
[EventDate "1993.03.??"]
[EventType "tourn"]
[EventRounds "13"]
[EventCountry "AUT"]
[EventCategory "8"]
[SourceTitle "CBM 035"]
[Source "ChessBase"]
[SourceDate "1993.08.01"]
[SourceVersion "1"]
[SourceVersionDate "1993.08.01"]
[SourceQuality "1"]

1. d4 Nf6 2. c4 e6 3. Nf3 b6 4. g3 Bb7 5. Bg2 Be7 6. Nc3 O-O 7. d5 Bb4 8. Bd2
exd5 $5 {N} (8... Bxc3 9. Bxc3 exd5 10. Nh4 Ne4 11. cxd5 Nxc3 12. bxc3 d6 13.
O-O Nd7 14. e4 Nc5 15. Qd4 Ba6 16. Rfe1 Qd7 17. f4 f6 18. Nf3 Rae8 19. e5 $14 {
Karpov-Ivanchuk/Linares/1993}) (8... c6 9. dxe6 (9. O-O Bxc3 10. Bxc3 exd5 11.
Nh4 $44) 9... dxe6 10. O-O Nbd7 11. Qc2 Qe7 12. Rad1 Rad8 13. Bf4 e5 14. Bc1
Rfe8 15. a3 Bxc3 16. Qxc3 Ne4 17. Qc2 Nec5 18. Nh4 g6 19. b4 Ne6 20. Bb2 $14 {
Gulko-Balashov/URS-ch/1977}) 9. Nxd5 Nxd5 10. cxd5 Bxd2+ 11. Qxd2 (11. Nxd2 $5
c5 $1 12. O-O (12. dxc6 dxc6 13. O-O Qe7 $10 {/\c5}) 12... d6 13. e4 (13. a4 $5
Nd7 14. Nc4 (14. f4 $5) 14... Qe7 15. e4 Ba6 16. b3 Ne5 17. Qc2 $14) 13... Nd7
14. f4 Re8 15. Re1 b5 16. Nf3 Nb6 17. Qc2 $14 {/\Rad1}) 11... c5 12. dxc6 $6 (
12. O-O d6 13. e4 (13. b4 $5 Nd7 (13... cxb4 14. Nd4 a5 15. Nc6 $36) 14. bxc5 (
14. Rfe1 $5 $14) 14... bxc5 $1 (14... Nxc5 15. Nd4 $14) 15. Rab1 Ba6 $132)
13... Nd7 14. Nh4 Re8 15. Rfe1 g6 (15... b5 16. Nf5 Nb6 17. f4 $14) 16. f4 b5
17. Rad1 $16) 12... dxc6 $10 13. Rd1 (13. Qxd8 Rxd8 14. Ne5 $1 f6 (14... Re8
15. Rd1 $14) (14... Na6 15. Bxc6 $1 (15. Nxc6 Re8 $44) 15... Bxc6 16. Nxc6 Rd6
17. Ne7+ Kf8 18. Nf5 $14) 15. Nc4 (15. Nd3 a5 16. Rc1 Ra7 17. O-O c5 $10) 15...
Ba6 16. Rc1 Bxc4 17. Rxc4 Rd6 18. e3 (18. b4 a6 19. e3 Ra7 $10 {/\a5}) 18... a5
19. Ke2 Ra7 20. Rhc1 c5 $10) 13... Na6 14. O-O c5 15. Qc2 Nb4 (15... Qe7 16. a3
Rad8 $10) 16. Rxd8 (16. Qb1 $6 Qe7 17. a3 Be4 18. Qc1 Nc6 $15) 16... Nxc2 17.
Rd7 (17. Rxa8 Bxa8 18. Rd1 Bxf3 19. Bxf3 Nd4 20. Kg2 Re8 21. e3 Nxf3 22. Kxf3
Kf8 $10) 17... Bc6 18. Rd6 Rac8 19. e3 Nb4 20. a3 Na6 21. Rfd1 Rfe8 22. Nh4 (
22. Nh4 Bxg2 23. Kxg2 Nb8 $10) 1/2-1/2

[Event "Belgrade GMA op"]
[Site "Belgrade"]
[Date "1988.??.??"]
[Round "?"]
[White "Romanishin, Oleg M"]
[Black "Orlov, Georgi"]
[Result "1-0"]
[WhiteElo "2550"]
[BlackElo "2425"]
[Annotator "Dautov,R"]
[PlyCount "101"]
[EventDate "1988.12.??"]
[EventType "swiss"]
[EventRounds "9"]
[EventCountry "YUG"]
[SourceTitle "TD"]
[Source "ChessBase"]
[SourceDate "1994.03.01"]
[SourceVersion "1"]
[SourceVersionDate "1994.03.01"]
[SourceQuality "1"]

1. d4 {Crnic,M. Crnic,M. Crnic,M} Nf6 2. Nf3 e6 3. g3 b6 4. Bg2 Bb7 5. c4 Be7
6. O-O O-O 7. d5 exd5 8. Nh4 c6 9. cxd5 Nxd5 10. Nf5 Nc7 11. Nc3 d5 12. e4 Nba6
13. Re1 (13. Qg4 Bf6 14. Bf4 (14. Bh6 Bc8 $1) 14... Bc8 15. e5 Bxf5 16. Qxf5
Be7 17. Rad1 $44) (13. exd5 Nxd5 14. Nxd5 cxd5 15. Bf4 Nc5 (15... Nc7 {> 13...
cd! 14.Bf4 Bf6= see Kasparov-Marjanovic, Malta ol 1980 30/631} 16. Bxc7 Qxc7
17. Rc1 Qd8 $1) 16. Bxd5 $5 Bxd5 17. Qxd5 {1-0 Romanishin Oleg,(-Orlov,G/
Belgrade 1988/[Crnic,M] (51)}) 13... dxe4 $2 (13... Bf6 $5 14. e5 Be7 15. Qg4
g6 16. Nxe7+ (16. Bh6 Bc8 17. Nxe7+ Qxe7 18. Bxf8 Qxf8 19. Qa4 {Bukic-Jelen,
Jugoslavija ch 1981 31/617}) 16... Qxe7 17. Bg5 Qb4 $1 18. Qf3 $5 (18. Qh3 h5
$1 {/\ Bc8}) 18... Ne6 19. Bh6 {'!' Crnic,M.} (19. Bf6 Qxb2 $17) 19... Rfe8 $13
) (13... Re8 {Romanishin,O-Gruen,P/Plovdiv/1983/} 14. exd5 $1 (14. Bf4 Bc5 15.
h4 Bc8 16. a3 Bxf5) 14... Nxd5 (14... cxd5 15. Bf4) 15. Nxd5 cxd5 16. Bf4 Nc5
17. Qg4 Bf6 18. Nh6+ Kf8 19. Rxe8+ Kxe8 20. Nf5 Bc8 21. Re1+ Kf8 22. Bd6+ Qxd6
23. Re8+ {Crnic,M}) 14. Bxe4 $2 (14. Qg4 Bf6 15. Bh6 (15. Nxe4 Bc8 $13) 15...
Bc8 $8 16. Nxe4 g6 $1 {Zlotnik-Radocai, Novi Sad 1988}) (14. Nxe4 $1 Nd5 15.
Qg4 Bf6 16. Bh6 g6 $8 17. Bxf8 $16) 14... Bf6 15. Nd6 (15. Bf4 $5) 15... Bxc3
$1 16. Nxb7 (16. bxc3 Nc5 $1 17. Bc2 (17. Bg2 Ba6 18. Bxc6 Nd3 $17) 17... Ba6
18. Qh5 Bd3) 16... Qxd1 17. Rxd1 Be5 $1 {><f4} 18. Bxc6 Nb4 $6 (18... Ne6 $15)
19. Bg2 Ne6 20. a3 Nc2 21. Rb1 Ncd4 (21... Rac8 {>=}) 22. Kf1 $1 g5 $5 23. Bd2
$14 a5 $8 (23... f5 $2 24. Bb4 Rf6 25. Re1 Bc7 26. Bd5 $18) 24. Bc3 Ra7 (24...
Rac8) 25. Re1 (25. Rd3 Rb8 26. Rbd1 Raxb7 27. Bxb7 Rxb7 28. Bxd4 Nxd4 29. Rxd4
Bxd4 30. Rxd4 Rc7 $10) 25... Bg7 26. Nd6 Rb8 27. Rbd1 b5 28. Re4 Nb3 29. Bxg7
Kxg7 30. Re3 a4 31. Bd5 Nbc5 32. Nf5+ Kf8 (32... Kf6 33. Rf3 $1) (32... Kg6 33.
Nd4 Nxd4 34. Rxd4 $16) 33. Bxe6 fxe6 $4 (33... Nxe6 $14) 34. Re5 $1 Rc7 35. Rc1
Na6 36. Rxc7 Nxc7 37. Nd4 $16 Kf7 $2 (37... h6 38. Nxe6+ (38. Rc5 $2 Rd8 $1)
38... Nxe6 39. Rxe6 Kg7 $16 {Orlov,G}) 38. Rxg5 Nd5 39. Rh5 $18 Rh8 40. Rh4 b4
41. axb4 Nxb4 42. Rf4+ Ke7 43. Nf5+ exf5 44. Rxb4 Kf6 45. Rxa4 Rc8 46. Ra6+ Kg5
47. Kg2 Rc2 48. Rb6 Rc4 49. h4+ Kh5 (49... Kg4 50. f3+ Kh5 51. Kh3 Rd4 52. g4+
fxg4+ 53. fxg4+ Rxg4 54. Rb5+ Kg6 55. Kxg4) 50. Kh3 Rc2 51. f3 1-0

[Event "Tilburg"]
[Site "Tilburg"]
[Date "1993.??.??"]
[Round "5"]
[White "Karpov, Anatoly"]
[Black "Jussupow, Artur"]
[Result "1-0"]
[WhiteElo "2760"]
[BlackElo "2630"]
[Annotator "Dautov,R"]
[PlyCount "113"]
[EventDate "1993.11.??"]
[EventType "k.o."]
[EventRounds "7"]
[EventCountry "NED"]
[SourceTitle "CBM 039"]
[Source "ChessBase"]
[SourceDate "1994.04.01"]
[SourceVersion "1"]
[SourceVersionDate "1994.04.01"]
[SourceQuality "1"]

1. d4 {Ftacnik} Nf6 2. c4 e6 3. Nf3 b6 4. g3 Bb7 5. Bg2 Be7 6. Nc3 Ne4 7. Bd2
Bf6 8. Qc2 Nxd2 9. Qxd2 d6 (9... O-O $142 10. Rd1 d6) 10. d5 $1 O-O (10... e5
11. h4 $1 Nd7 12. Bh3 a5 13. Qc2 Nc5 14. Rb1 (14. Kf1 $5 $14) 14... Bc8 15. Kf1
Bxh3+ 16. Rxh3 Qd7 17. Kg2 h5 18. e4 g6 19. Qe2 (19. Ne1 $5) (19. b3 O-O 20. a3
$14) 19... Be7 20. Nb5 $6 O-O 21. Ng5 Rac8 22. Rhh1 f5 23. exf5 Bxg5 24. hxg5
Rxf5 25. Qe3 Rcf8 $17 {Stangl-Hracek/Brno-B/1991}) 11. Nd4 e5 12. Nc6 $1 Qd7
13. Nxb8 Rfxb8 14. h4 a5 15. a4 $5 Rf8 16. e4 (16. Bh3 Qe7 17. Ne4 $6 h5 18.
O-O-O g6 19. g4 hxg4 20. Bxg4 Bg7 $132) 16... h5 17. O-O-O g6 18. Bh3 Qe7 19.
Kc2 (19. Kb1 $142) 19... Kg7 (19... Bg7 20. g4 $1 (20. Qd3 Bc8 21. Bxc8 Raxc8
22. f3 f5 $10) 20... hxg4 (20... Qxh4 $5 21. gxh5 Qxh5 22. Bc8 Qxh1 23. Rxh1
Bxc8 24. f3 $40) 21. Bxg4 f5 22. Bf3 $16 {/\Rdg1,h5->} (22. Bh3 $5)) 20. f3 Rh8
21. Rh2 Ba6 22. Nb5 Raf8 (22... Bxb5 23. cxb5 Rae8 {/\Qf8,Bd8} 24. Qc3 $1 $16
Qd8 25. Kb1 Re7 26. Rc1 {/\Qe3,Rhc2-c6,Qc3,><c7}) (22... Rae8 $5 23. Kb1 Bxb5
24. cxb5 Qf8 25. Rc1 Bd8 {+/=/+/-}) 23. Kb1 Qd8 24. Qd3 Be7 25. Re2 Bc8 $6 (
25... Bxb5 {Ftacnik} 26. cxb5 Qe8 27. Rc2 Bd8 28. Rdc1 Qe7 29. Rc6 {/\ b4+/-})
26. Bxc8 Qxc8 27. Rg1 $16 {ץe7} Bd8 (27... f5 $2 28. f4 $1 fxe4 29. Qxe4 Bf6
30. g4 $1 hxg4 31. fxe5 Bxe5 32. Rxg4 Rf6 33. Reg2 $16) 28. Na7 Qh3 29. Qc2 Re8
(29... f5 $4 30. Rh2 $18) (29... Qd7 30. Nc6 f5 31. f4 $1 exf4 (31... fxe4 32.
fxe5 $18) 32. e5 $1 dxe5 (32... fxg3 33. e6 Qc8 34. e7 $18) 33. Nxe5 Qd6 34.
gxf4 Rh6 35. Reg2 Rf6 36. Qc3 $16) 30. Nc6 Bf6 31. Rf2 Qd7 32. Qe2 (32. f4 $2
exf4 33. Rxf4 Be5 $14) 32... Rhf8 33. Rh2 Rh8 34. Qf2 (34. f4 $6 Qg4 $1 35.
Qxg4 hxg4 $10 36. f5 gxf5 37. exf5 Rh5 38. Rf1 $14) 34... Ref8 35. Rf1 (35. g4
{Ftacnik} hxg4 36. fxg4 Bd8 $16) 35... Kg8 $6 (35... Re8 $142 {Karpov} 36. g4
$5 {/\g5,f4} Kg8 37. Qg3 Rh7 38. Ka2 $16 {/\Ka3,b4!?}) 36. f4 Qg4 (36... exf4
37. gxf4 Re8 (37... Bg7 {Ftacnik} 38. e5 $16) 38. Re1 Qg4 39. Ka1 {/\e5+-}) 37.
Qf3 Re8 (37... Qxf3 $5 38. Rxf3 Re8 39. f5 Kg7 $16) 38. Qxg4 hxg4 39. f5 g5 (
39... Kg7 40. fxg6 fxg6 41. Rhf2 Rhf8 42. Kc2 Be7 43. b4 (43. Rxf8 Rxf8 44.
Rxf8 Kxf8 45. Nxe7 Kxe7 46. b4 Kd7 47. bxa5 bxa5 48. Kc3 c5 $10) 43... axb4 44.
Kb3 Bxh4 $1 (44... Rxf2 45. Rxf2 Rf8 46. Rxf8 Kxf8 47. Nxe7 Kxe7 48. Kxb4 Kd7
49. a5 bxa5+ 50. Kxa5 Kd8 51. Kb5 Ke7 52. c5 dxc5 53. Kxc5 Kd7 54. Kc4 Ke7 55.
Kb4 Kd6 56. Kb5 Kd7 57. Kc5 $18) 45. gxh4 g3 46. Rxf8 Rxf8 47. Rg1 Rf3+ 48.
Kxb4 Kh6 $132) (39... Kg7 40. Kc2 $1 {/\fxg6,Rhf2}) 40. h5 $18 Ra8 41. Kc2 Kg7
42. Kc3 Ra6 43. Ra1 Rha8 44. b4 Kf8 (44... axb4+ 45. Kxb4 Kh6 46. Rha2 $18 {
/\a5} (46. Kb5 {Ftacnik} Bg7 47. f6 Bh8 48. Rf2 Kh7 49. h6 Kg6 50. h7 $18)) 45.
b5 R6a7 46. h6 Bh8 (46... Rb7 47. h7 Kg7 (47... Bh8 {Ftacnik} 48. f6 $18) 48.
Rah1 Kh8 (48... Rh8 49. Rh6 $1 {(.)}) 49. Rh6 Bg7 50. f6 $1 Bxh6 51. Rxh6 Re8
52. Ne7 {/\Nf5-e3xg4+-} Rxe7 53. fxe7 Rb8 54. c5 $1 $18 {Karpov}) 47. f6 Bxf6
48. Rf1 Bh8 49. Nxa7 Rxa7 50. Rh5 Ke7 51. Rxg5 Ra8 52. h7 f6 53. Rg8 Rf8 54. c5
$1 dxc5 55. Kc4 Kf7 56. d6 cxd6 57. Rxf8+ (57. Rxf8+ Kxf8 58. Kd5 Ke7 59. Kc6
$18) 1-0

[Event "RUS-ch"]
[Site "Elista"]
[Date "1995.??.??"]
[Round "11"]
[White "Filippov, Valerij"]
[Black "Tiviakov, Sergei"]
[Result "0-1"]
[WhiteElo "2510"]
[BlackElo "2655"]
[Annotator "Dautov,R"]
[PlyCount "64"]
[EventDate "1995.10.??"]
[EventType "swiss"]
[EventRounds "11"]
[EventCountry "RUS"]
[SourceTitle "CBM 050"]
[Source "ChessBase"]
[SourceDate "1996.02.01"]
[SourceVersion "1"]
[SourceVersionDate "1996.02.01"]
[SourceQuality "1"]

1. Nf3 {Baburin Mowsziszian} Nf6 2. c4 b6 3. g3 e6 4. Bg2 Bb7 5. Nc3 Be7 6. d4
O-O 7. d5 Bb4 {Putting pressure on the central pawn and preparing for Bxc3.} 8.
O-O (8. Bd2) 8... Na6 9. Nh4 (9. Ne5 $5) 9... Bxc3 (9... Nc5 10. Na4 $1 exd5
11. a3 b5 12. axb4 Nxa4 13. cxd5 Re8 14. Qd3 $16 {Romanishin,O-Tiviakov,S/
Beograd 1993}) 10. bxc3 e5 $146 {Baburin: We see a standard plan: Black tries
to keep the position (and the White Bishops!) locked in, while placing his
pawns on the dark squares. In the game White's attempt to attack sharply
failed to a solid defence.} (10... Nc5 11. Ba3 Rb8 12. Bxc5 bxc5 13. Rb1 exd5
14. cxd5 Ba6 15. Re1 d6 16. Rxb8 Qxb8 17. Qd2 Re8 18. e4 Qb5 19. f3 h6 20. Nf5
Nd7 21. f4 Nb6 22. Bf1 Qa4 23. Bxa6 Qxa6 24. e5 $16 {Shneider,A-Brynell,S/Aars
(06) ;CBM 50 1995}) (10... Rb8 11. e4 d6 12. Be3 Re8 13. Re1 Nd7 14. Nf3 (14.
Bd4 $5) 14... Nac5 15. Qc2 Qf6 16. Bd4 Qh6 17. h3 Ba6 18. Bf1 exd5 19. exd5 Qg6
$10 {Romanishin,O-Markowski,T/Biel op (03) ;EXP 48 1995}) 11. e4 (11. f4 $5 e4
(11... exf4 12. Bxf4 $36 {/\Bg5} (12. Bxf4 Nh5 13. Bd2 $16 {/\e2-e4-e5})) 12.
Nf5 (12. f5 $36 {Mowsziszian}) 12... Re8 13. h3 $14 {/\g4}) 11... d6 12. f4 (
12. Nf5 Bc8 13. Ne3 Nc5 $10) 12... exf4 13. Nf5 (13. gxf4 $2 Nxe4 $17) (13.
Bxf4 Nd7 14. Nf5 g6 (14... Nac5 $6 15. Bh6 g6 16. Bxf8 Qxf8 17. Ne3 $14) (14...
Ne5 {Mowsziszian} 15. Bxe5 dxe5 16. Rf2 $40 {/\Qg4,Ra1-f1} (16. Qg4 g6 17. Nh6+
Kg7 18. Rxf7+ (18. Nf5+ Kh8 $15) 18... Rxf7 19. Nxf7 Kxf7 20. Qe6+ Kg7 21.
Qxe5+ (21. Rf1 Qe8 22. Qf6+ Kg8 23. Bh3 Bc8 $17) 21... Qf6 22. Qd4 $15)) 15.
Nh6+ Kh8 $13) 13... Bc8 $1 (13... fxg3 $2 14. Bg5 gxh2+ 15. Kxh2 $16 {/\Nxg7} (
15. Kh1 {Mowsziszian} Bc8 16. Nxg7 $16)) (13... g6 $2 14. Nh6+ Kg7 15. Qd4 $1
Kxh6 16. Bxf4+ g5 17. Bxd6 Nd7 18. Bxf8+ Qxf8 19. Rf6+ $18) 14. Nxg7 $4 (14.
Bxf4 Bxf5 15. exf5 Nc5 $10) (14. Rxf4 {Mowsziszian} Bxf5 15. Rxf5 Nd7 16. Bg5
f6 {><e5,c5}) (14. Nd4 {Mowsziszian} Re8 (14... fxg3 15. Bg5 $44) 15. Rxf4 Nc5
$15) 14... Kxg7 15. Qd4 Kg8 (15... Nc5 $2 16. Bxf4 Ncd7 17. Bg5 h6 18. Bh4 Re8
19. Bh3 $18) 16. gxf4 (16. Bxf4 Nd7 17. Bh6 Ne5 18. Bxf8 Qxf8 $17) (16. Rxf4 {
Mowsziszian} Ne8 $17) 16... Nc5 17. e5 Ng4 18. h3 Nh6 $19 19. f5 (19. Kh1 {
Mowsziszian /\Rg1} Nf5 20. Qf2 Qh4 $19) 19... Nxf5 20. Qg4+ Ng7 21. Qg3 Qe7 22.
e6 (22. Bf4 Ba6 23. exd6 Qd7 24. dxc7 Bxc4 $19) (22. Bh6 {Mowsziszian} Qxe5 $19
) 22... fxe6 23. Bg5 Qe8 24. dxe6 Rxf1+ 25. Rxf1 Bb7 (25... Bxe6 $4 26. Bh6 $10
(26. Bxa8 {Mowsziszian} Qxa8 27. Bh6 $18)) 26. Bxb7 Nxb7 27. Rf6 (27. e7 Qg6
28. Rf6 {/\Qf8} (28. Qf4 {Mowsziszian /\Qf8} Ne6 $19) 28... Qb1+ 29. Kh2 Qe4
30. Rf4 Qe2+ 31. Rf2 Qe5 $19) (27. Bh6 {Mowsziszian} Qg6 $19) 27... Nh5 28. Qf3
Nxf6 29. Qxb7 Nh5 30. e7 h6 31. Qd5+ Kh7 32. Be3 Qg6+ 0-1

[Event "Rostov on Don"]
[Site "Rostov on Don"]
[Date "1993.??.??"]
[Round "?"]
[White "Razuvaev, Yuri S"]
[Black "Tiviakov, Sergei"]
[Result "0-1"]
[WhiteElo "2525"]
[BlackElo "2575"]
[Annotator "Dautov,R"]
[PlyCount "130"]
[EventDate "1993.05.??"]
[EventType "tourn"]
[EventRounds "11"]
[EventCountry "RUS"]
[EventCategory "14"]
[SourceTitle "CBM 036"]
[Source "ChessBase"]
[SourceDate "1993.10.01"]
[SourceVersion "1"]
[SourceVersionDate "1993.10.01"]
[SourceQuality "1"]

1. d4 {Belov} Nf6 2. c4 e6 3. Nf3 b6 4. g3 Be7 5. Bg2 Bb7 6. Nc3 O-O 7. d5 Bb4
8. Bd2 Na6 $5 {N} (8... Bxc3 9. Bxc3 exd5 10. Nh4 Ne4 (10... c6 11. Nf5 dxc4
12. Qd6 Kh8 13. Nxg7 Kxg7 14. Qf4 h6 15. g4 $36 {Halasz,A-Lendwai,R Miskolc
1990/}) 11. cxd5 Nxc3 12. bxc3 d6 13. O-O Nd7 14. e4 Nc5 15. Qd4 $14 {
Karpov-Ivanchuk/Linares/1993} (15. Qd4 {Belov} Ba6 16. Rfd1 Qd7 17. f4 $14 {
Karpov,A-Ivanchuk,V Linares 1993/})) (8... c6 9. O-O Bxc3 10. Bxc3 (10. dxc6
dxc6 11. Bxc3 Nbd7 12. Qc2 c5) (10. dxc6 $1 $14 {Belov Ribli/}) 10... cxd5 11.
Nh4 Ne4 12. cxd5 Nxc3 13. bxc3 Qc7 14. c4 Na6 15. Rc1 $14 {Ribli}) 9. O-O Nc5 {
/\Bxc3,exd5} 10. Ne1 (10. dxe6 dxe6 (10... Nxe6 11. Nd5 Bxd2 12. Qxd2 $14) (
10... fxe6 11. a3 Bxc3 12. Bxc3 $13) 11. a3 Bxc3 12. Bxc3 a5 $10) (10. Ne5 Re8
11. f4 (11. a3 Bxc3 12. Bxc3 exd5 13. cxd5 Nce4 $132) 11... Bxc3 12. Bxc3 exd5
13. cxd5 Nce4 14. Bxe4 Nxe4 $132) (10. Nh4 $1 Re8 11. Rc1 a5 12. Re1 (12. a3
Bxc3 13. Bxc3 exd5 (13... a4 $1 14. Re1 $14) 14. cxd5 Nce4 15. Nf5 Nxd5 16.
Bxg7 Qg5 17. g4 $16) 12... a4 (12... exd5 13. cxd5 (13. Nxd5 $14) 13... Bxc3
14. Bxc3 Nce4 15. Bxf6 (15. Nf5 $5) 15... Nxf6 16. e4 $14) (12... d6 $15 {
Belov Van Wely,L-Tiviakov,S Gausdal 1992/}) 13. Nb5 Bxd2 14. Qxd2 $14) 10...
Re8 11. Nc2 (11. Rc1 $5 a5 (11... exd5 12. Nxd5 (12. cxd5 Qe7 13. Rc2 c6 $132)
12... Bxd2 13. Qxd2 $14) 12. a3 Bxc3 13. Bxc3 a4 14. Nc2 exd5 15. cxd5 Nce4 16.
Ne3 $14) 11... Bxc3 12. Bxc3 exd5 13. cxd5 Nce4 14. Ne3 (14. Bxf6 Qxf6 15. Rb1
(15. f3 Nd6 16. b3 c6 $10) 15... c6 16. Ne3 Qe5 $132 {/\Nf2}) 14... Nxc3 15.
bxc3 Rxe3 $1 (15... d6 {Belov} 16. Nc2 (16. Qd4 Qe7 17. Rfe1 Qe5 $10) 16... a5
17. Re1 Ne4 18. Qd4 Nc5 19. e4 $14) 16. fxe3 d6 17. Qd4 Nd7 $44 18. Rf4 Qe7 19.
Raf1 Ne5 20. Be4 (20. Bh3 Bc8 21. Bxc8 Rxc8 22. Qe4 Re8 23. Rh4 h6 24. Rh5 Qd7
$44) 20... Rf8 21. Bd3 Bc8 22. Qe4 g6 (22... f5 $2 23. Qd4 $16 {/\e4} (23. Rxf5
$1 {Belov} Rxf5 24. Rxf5 Bxf5 25. Qxf5 g6 26. Qf4 $14)) 23. Rf6 Kg7 24. c4 (24.
Qh4 Re8 25. Bb5 Rf8 $44) (24. h4 $5) 24... Bd7 25. h4 Qxf6 (25... Bg4 $5 26.
Qd4 Kg8 $44) (25... h5 {Belov} 26. Qd4 {/\27.Bg6!/} Qxf6 27. Rxf6 Kxf6 28. c5
$1 bxc5 29. Qc3 {/\30.Qa5+/-/}) 26. Rxf6 Kxf6 27. Qd4 Re8 28. Kf2 Kg7 $10 29.
Ke1 f6 30. Kd2 Ng4 31. e4 Ne5 32. Qc3 Re7 33. Qa3 a5 34. Qb2 Nf7 35. Bc2 Re5 (
35... Ne5 $10 {Belov}) 36. Qa3 Kf8 37. Ba4 Bg4 (37... Bxa4 $6 {Belov} 38. Qxa4
Rxe4 (38... Ke7 39. Qc6 Kd8 40. c5 $16) 39. Qc6 Re7 40. c5 dxc5 (40... bxc5 41.
Qa8+ Kg7 42. Qxa5 $16) 41. Qxf6 $16) 38. Qd3 Ke7 39. c5 $2 (39. Bc2 Nd8 40. Qe3
Nf7 $10) (39. Bc2 $10 {Belov}) 39... dxc5 40. Qb5 Nd6 41. Qc6 Kd8 42. Bc2 Bc8
43. Qa8 g5 $1 $17 44. Qc6 $6 (44. hxg5 {>=} Rxg5 45. e5 fxe5 46. Bxh7 Rxg3 $17)
(44. h5 {Belov} g4 45. h6 Rh5 $17) 44... gxh4 45. gxh4 Rh5 46. e5 (46. Qa4 {
Belov} Rxh4 47. Qb3 Rh3 48. Qb1 Nc4+ $19) 46... fxe5 47. Qa4 e4 48. Qb3 Bb7 49.
Qc3 Bxd5 (49... Rxd5+ {Belov} 50. Kc1 Rd4 51. Qg3) 50. Qf6+ Kd7 51. a4 Kc6 52.
Qe7 Kb7 53. Kc3 Bc6 54. Kb2 c4 55. Kc3 Nc8 $1 56. Qf6 Rc5 57. Qh6 (57. Qg7 {
Belov} h5 {/\Nd6,b5-+/}) 57... Ne7 $19 58. Qxh7 Nd5+ 59. Kd4 (59. Kb2 c3+ 60.
Kc1 Nb4 61. Qg7 (61. Bxe4 c2 62. Bxc6+ Rxc6 63. Qf7 Rd6 $19) (61. h5 Rg5 $19)
61... Nxc2 62. Kxc2 Bxa4+ 63. Kc1 c2 64. Qd4 Bb3 65. Qxe4+ Rd5 66. Qf3 a4 67.
h5 Ka7 $19) 59... c3 60. Bxe4 Nb4 61. Bg6 Bxa4 62. h5 c2 63. Bxc2 Bxc2 64. Qf7
a4 65. h6 a3 0-1